000 00233 a2200097 4500
001 27940
100 _aHashimy, S Y
245 _aIslam as an ethical & a political ideal
260 _a
_bIslamic Book Service
_c
090 _c18648
_d18648
942 _aNUST-CAE
_cM
_c9611
999 _c263013
_d263013